The Voice Norge - Mentorer - Statistics

General Stats
  • This quiz has been taken 26 times
  • The average score is 5 of 12
Answer Stats
1 2 3 4 5 6 7 Mentorer % Correct
- - - - - - - Matoma
79%
- - - - - - - Ina Wroldsen
75%
- - - - - - - Espen Lind
67%
- - - - - - - Morten Harket
58%
- - - - - - - Yosef Wolde-Mariam
38%
- - - - - - - Lene Marlin
29%
- - - - - - - Lene Nystrøm
25%
- - - - - - - Magne Furuholmen
25%
- - - - - - - Sondre Lerche
21%
- - - - - - - Martin Danielle
17%
- - - - - - - Hanne Sørvaag
8%
- - - - - - - Tommy Tee
8%
No matching quizzes found
Score Distribution
Percent of People with Each Score
Percentile by Number Answered
Your Score History
You have not taken this quiz